| 000 | 01871cam a22004574i 4500 | ||
|---|---|---|---|
| 003 | PE-LiUPU | ||
| 005 | 20250731172745.0 | ||
| 008 | 150617s r 000 0 d | ||
| 020 | _a0802814131 | ||
| 035 | _a(Sirsi) i9780802814135 | ||
| 040 |
_aPE-LiUPU _bspa _cPE-LiUPU _erda |
||
| 049 | _aPRUA | ||
| 082 | 0 | 4 |
_a225.07 _bT _221 |
| 100 | 1 |
_aGuthrie, Donald, _eautor. |
|
| 245 | 1 | 4 |
_aThe Pastoral Epistles / _cuna introducción y comentario por Donald Guthrie. |
| 264 | 1 |
_aMichigan : _bW. B. Publishing Company, _c1982. |
|
| 300 |
_a228 páginas ; _c20 centímetros. |
||
| 336 |
_atext _2rdacontent |
||
| 337 |
_aunmediated _2rdamedia |
||
| 338 |
_avolume _2rdacarrier |
||
| 490 | 0 |
_a(Tyndale New Testament Commentaries ; _v14) |
|
| 500 | _aEn cubierta: “A concise, workable tool for laymen, teachers and ministers” | ||
| 505 | 0 | _aThe designation and character of the epistles -- The epistles in the ancient church -- The epistles in the modern church -- The problem of the historical allusions -- The ecclesiastical situation -- The heresies reflected in the epistles -- The doctrinal problem -- The linguistic problem -- The problem of authorshipáginas -The message of the epistles -- Commentary on I Timothy -- Comentary on II Timothy -- Comentary on Titus. | |
| 526 | _aSEG42 | ||
| 526 | _aSEG41 | ||
| 526 | _aSEG40 | ||
| 526 | _aSEG39 | ||
| 526 | _aP94 | ||
| 526 | _aP87 | ||
| 526 | _aP86 | ||
| 526 | _aP85 | ||
| 526 | _aP77 | ||
| 526 | _aP76 | ||
| 526 | _aP35 | ||
| 630 | 0 |
_aBiblia. _pEpístolas pastorales _xCrítica, interpretación, etc. _91639 |
|
| 910 | _ajck | ||
| 942 |
_2ddc _cBK |
||
| 949 |
_a225.07 T 14 _wDEWEY _c1 _i21831 _lCCODEBUL1 _mBUL _r0 _sY _tBOOK _u2015-6-17 _xTEOLOGIA _0COMPRA _o.STAFF. Colección general |
||
| 980 |
_81 _gALBERTO SANCHEZ Responsable de Automatización |
||
| 999 |
_c2447 _d2447 |
||